• 首页
  • 本馆介绍
  • 公告通知
  • 最新文献
  • 馆藏检索
  • 电子资源
  • 读者导购
  • 参考咨询
  • 我的图书馆
  • 登录
  • 详细信息显示
  • 放入我的书架
  • 预约/预借图书
  • 作者相关作品
  • 分类相关作品
  • 丛书相关作品
  • 出版社相关作品

书目信息

  • 表格格式
  • 工作单格式
  • 卡片格式
题名:
面向21世纪中小学素质教育论纲
    
 
作者: 赵洪海 编著
分册:  
出版信息: 济南   山东教育出版社  1996
页数: 338页
开本: 20cm
丛书名:
单 册:
中图分类: G630 , G40
科图分类:
主题词: 全面发展(教育)--研究--中学 , 教育学
电子资源:
ISBN: 7-5328-2340-7
000 00713nam0 2200241 450
001 1538761085
005 20150127150456.04
010    @a7-5328-2340-7@b精装@dCNY15.30
100    @a20021005d1996 kemy0chiy0110 ea
101 0  @achi
102    @aCN@b370000
105    @ay z 000yy
200 1  @a面向21世纪中小学素质教育论纲@9mian xiang 21 shi ji zhong xiao xue su zhi jiao yu lun gang@f赵洪海等编著
210    @a济南@c山东教育出版社@d1996
215    @a338页@d20cm
314    @a赵洪海,博士,中央教科所任职
606 0  @a全面发展(教育)@x研究@x中学
606 0  @a教育学
690    @aG630@v5
690    @aG40@v4
701  0 @a赵洪海@9zhao hong hai@4编著
801  0 @aCN@bTSSF@c20150127
905    @aZUCC@dG40@eJY25
    
    面向21世纪中小学素质教育论纲/赵洪海等编著.-济南:山东教育出版社,1996
    338页;20cm
    
    
    ISBN 7-5328-2340-7(精装):CNY15.30
    
●
相关链接 在E读中查询图书 在五车中查询图书 在当当中查询图书 在豆瓣中查询图书


正题名:面向21世纪中小学素质教育论纲     索取号:G40/JY25         预约/预借

序号 登录号 条形码 馆藏地/架位号 状态 备注
1 7859787   278597877   学院路分馆/ [索取号:G40/JY25] 在馆    
2 7860474   278604743   学院路分馆/ [索取号:G40/JY25] 在馆    
唐山师范学院图书馆 欢迎您!
大连网信软件有限公司© 版权所有